| 000 | 00698pam a2200229 a 4500 | ||
|---|---|---|---|
| 001 | 1509486 | ||
| 005 | 20180214033147.0 | ||
| 008 | 890227s1989 nyua b 001 0 eng | ||
| 010 | _a 89031404 | ||
| 020 | _a0306431335 | ||
| 040 |
_aDLC _cDLC _dDLC |
||
| 041 | _aeng | ||
| 080 | _a658.456 SCH | ||
| 082 | 0 | 0 |
_a658.456 SCH _220 |
| 100 | 1 | _a54 | |
| 101 | _aLID | ||
| 245 | 1 | 4 |
_aThe meeting : _cHelen B. Schwartzman. |
| 504 | _aIncludes bibliographical references and indexes. | ||
| 906 |
_a7 _bcbc _corignew _d1 _eocip _f19 _gy-gencatlg |
||
| 942 |
_2ddc _cBK |
||
| 999 |
_c42443 _d42443 |
||